|
|
|
|
| LEADER |
00000nab a2200000 a 4500 |
| 001 |
vtls000417881 |
| 003 |
SK-MaSNL |
| 005 |
20260302234918.0 |
| 008 |
160215c1991 xo 0 slo |
| 015 |
|
|
|a SNBRB19rr/mm-uuuuu
|
| 035 |
|
|
|a CL0418006
|
| 040 |
|
|
|a SNKBUCL
|b slo
|c SNKBUCL
|e AACR2
|
| 041 |
0 |
|
|a slo
|
| 044 |
|
|
|a xo
|c SK
|
| 080 |
|
|
|a 008-051
|2 1981
|
| 080 |
|
|
|a 01-051
|2 1981
|
| 080 |
|
|
|a 929 Chrástek, Michal
|2 1981
|
| 100 |
1 |
|
|a (prk)
|4 aut
|9 928780
|
| 245 |
1 |
0 |
|a Priekopník slovenskej bibliografie
|b Prvý tajomník Matice slovenskej M. Chrástek umrel pred 91 rokmi
|c (prk) ; Michal Chrástek
|
| 600 |
1 |
7 |
|a Chrástek, Michal,
|d 1825-1900
|2 snkbucl
|9 151551
|
| 655 |
|
7 |
|a články z novín a časopisov
|2 snkbucl
|9 267496
|
| 773 |
0 |
|
|t Smer
|g Roč. 43, č. 145 (22. 6. 1991), s. 3-5
|
| 850 |
|
|
|a Slovenská národná knižnica v Martine
|a MTA001
|
| 852 |
|
|
|a SNK
|b KIS3GCP
|
| 958 |
|
|
|a BX
|
| 958 |
|
|
|a RK
|
| 992 |
|
|
|a RBX
|
| 999 |
|
|
|c 1552516
|d 1554446
|